|
|
|
|
| LEADER |
01159nam a2200385 4500 |
| 001 |
DLU090095643 |
| 005 |
##20091201 |
| 040 |
# |
# |
|a DLU
|b eng
|
| 041 |
# |
# |
|a eng
|
| 044 |
# |
# |
|a us
|
| 245 |
# |
# |
|a Mixed cobalt-iron oxide absorbents for low-temperature gas desulfurisation /
|c Thomas Baird ... [et al.].
|
| 653 |
# |
# |
|a Chemical synthesis
|
| 653 |
# |
# |
|a Desulfurization
|
| 653 |
# |
# |
|a Hydrotalcite
|
| 653 |
# |
# |
|a Inorganic compounds
|
| 653 |
# |
# |
|a Ternary compounds
|
| 653 |
# |
# |
|a Transition element compounds
|
| 653 |
# |
# |
|a Transmission electron microscopy
|
| 700 |
# |
# |
|a Baird, Thomas.
|
| 700 |
# |
# |
|a Campbell, Kenneth C.
|
| 700 |
# |
# |
|a Holliman, Peter J.
|
| 700 |
# |
# |
|a Hoyle, Robert.
|
| 700 |
# |
# |
|a Noble, Graham.
|
| 700 |
# |
# |
|a Stirling, Diane.
|
| 700 |
# |
# |
|a Williams, B. Peter.
|
| 773 |
# |
# |
|t Journal of Materials Chemistry
|g Vol. 13, no. 9 (2003), p. 2341-2347
|
| 920 |
# |
# |
|a Phòng Tạp chí -- Trung tâm Thông tin - Thư viện Trường Đại học Đà Lạt
|
| 994 |
# |
# |
|a DLU
|
| 900 |
# |
# |
|a True
|
| 911 |
# |
# |
|a Trương Bảo Trâm Anh
|
| 925 |
# |
# |
|a G
|
| 926 |
# |
# |
|a A
|
| 927 |
# |
# |
|a BB
|
| 980 |
# |
# |
|a Thư viện Trường Đại học Đà Lạt
|